[Event "CUB-ch"]
[Site "Las Tunas"]
[Date "2001.04.20"]
[Round "17"]
[White "Leyva Proenza, Ricardo"]
[Black "Vera Gonzalez Quevedo, Reynaldo"]
[Result "0-1"]
[WhiteElo "2400"]
[BlackElo "2534"]
[Annotator "Atlas,V"]
[PlyCount "68"]
[EventDate "2001.04.01"]
[EventType "tourn"]
[EventRounds "16"]
[EventCountry "CUB"]
[EventCategory "9"]
[SourceTitle "CBM 083"]
[Source "ChessBase"]
[SourceDate "2001.07.05"]
[SourceVersion "1"]
[SourceVersionDate "2001.07.05"]
[SourceQuality "1"]

1. e4 c5 2. Nf3 d6 3. d4 cxd4 4. Nxd4 Nf6 5. Nc3 a6 6. Bc4 e6 7. Bb3 b5 8. f3
Nbd7 9. Be3 Nc5 10. Qd2 Bb7 11. a3 Nxb3 12. cxb3 Be7 13. O-O O-O 14. b4 Rc8 15.
Nb3 Nd7 16. Na5 Ba8 17. Rfd1 f5 18. exf5 Rxf5 19. Ne2 Rd5 20. Qe1 Rxd1 21. Rxd1
e5 22. Nc3 Qe8 23. Qd2 Bf8 24. Qd3 Qg6 25. Qxg6 hxg6 26. f4 Kf7 27. Nb3 Ke6 28.
fxe5 Nxe5 29. Ne2 Be7 30. Ned4+ Kf7 31. Na5 Bf6 32. h3 Be4 33. Rd2 Rc1+ 34. Kh2
$4 ({A terrible mistake. Essential was} 34. Kf2 $142 Nd3+ 35. Rxd3 Bxd3 36.
Bxc1 Bxd4+ 37. Kf3) {[%tqu "En","White's last move appears to be the most
prudent decision, but in fact it's a very bad slip. How to punish White for
it?","Try to bring your dark-squared bishop into action - it will pay off!",
"Find a way to vacate the e5-square without giving White any time to recover.",
"e5g4","This brilliant move wins on the spot!",5]} 34... Ng4+ $1 {[%csl Rh2]
[%cal Gf6e5,Gc1h1,Gg4e3,Gg4h2]} (34... Ng4+ {, and White resigned in view of a
sad choice between losing a piece after 35.Kg3 Ne3 and getting checkmated after
} 35. hxg4 Be5+ 36. g3 (36. Kh3 Rh1#) 36... Rh1#) 0-1

[Event "FRA-ch"]
[Site "Aix les Bains"]
[Date "2003.08.19"]
[Round "2"]
[White "Degraeve, Jean Marc"]
[Black "Guidarelli, Laurent"]
[Result "0-1"]
[WhiteElo "2541"]
[BlackElo "2392"]
[Annotator "Atlas,V"]
[PlyCount "52"]
[EventDate "2003.08.18"]
[EventType "tourn"]
[EventRounds "11"]
[EventCountry "FRA"]
[EventCategory "13"]
[SourceTitle "CBM 097"]
[Source "ChessBase"]
[SourceDate "2003.11.11"]
[SourceVersion "1"]
[SourceVersionDate "2003.11.11"]
[SourceQuality "1"]

1. e4 c5 2. Nf3 d6 3. d4 Nf6 4. Nc3 cxd4 5. Nxd4 a6 6. Bc4 e6 7. O-O b5 8. Bb3
Be7 9. Qf3 Qc7 10. Qg3 Nc6 11. Nxc6 Qxc6 12. Re1 Bb7 13. Qxg7 Rg8 14. Qh6 O-O-O
15. f3 Rg6 16. Qh3 Kb8 17. Bf4 Rdg8 18. Re2 b4 19. Na4 e5 20. Be3 d5 $1 {
This pawn advance yields Black a dangerous initiative. Dieser Bauernvorstoß
verschafft Schwarz eine gefährliche Initiative.} 21. exd5 Nxd5 22. Bxd5 Qxd5 {
Black has excellent compensation for the sacrificed pawn. Schwarz hat
vorzügliche Kompensation für den geopferten Bauern.} 23. Rf2 (23. Rf1 {fails
to scheitert an} Qb5) 23... Bh4 $1 24. Qxh4 $2 ({A decisive mistake. Essential
was Ein entscheidender Fehler. Erforderlich war} 24. Rd2 Qxf3 25. Qxf3 Bxf3 26.
g3) {[%tqu "En","How can Black justify his bishop sacrifice on the previous
move?","Exploit your powerful batteries on the main diagonal and on the g-file.
","Destroy the defensive bastions around the white king.","g6g2","This
terrific blow crowns Black's superb play in this game.",5,"De","Wie kann
Schwarz sein Läuferopfer im vorherigen Zug rechtfertigen?","Spielen Sie Ihre
kraftvollen Batterien auf der Hauptdiagonale und auf der g-Linie aus.",
"Zerschlagen Sie die Verteidigungsbastionen vor dem weißen König.","g6g2",
"Dieser wuchtige Schlag krönt das superbe schwarze Spiel in dieser Partie.",5]}
24... Rxg2+ $3 {[%csl Gb7,Gd5,Rf2,Rf3,Rg1,Gg2,Gg8][%cal Gb7f3,Gg8g2] A
beautiful game conclusion! Ein wunderschöner Partieschluss!} 25. Rxg2 (25. Kh1
{leads to another remarkable mate final: führt zu einem anderen sehenswerten
Mattfinale:} Rxf2 26. Qxf2 Qxf3+ 27. Qxf3 Bxf3#) ({If Falls} 25. Kf1 {, then ,
so} Rg1+ 26. Ke2 Rxa1 {, winning. mit Gewinn.}) 25... Rxg2+ 26. Kf1 ({If Falls
} 26. Kxg2 {, then , so} Qxf3+ 27. Kg1 Qg2#) 26... Qxf3+ (26... Qxf3+ {, and
White resigned in view of inevitable mate: und Weiß gab auf, denn Matt ist
unvermeidlich:} 27. Bf2 Rg1+ $1 28. Kxg1 Qg2#) 0-1

[Event "BL2-Nord 9899"]
[Site "Germany"]
[Date "1999.04.18"]
[Round "9.1"]
[White "Bangiev, Alexander J"]
[Black "Joecks, Christian"]
[Result "1/2-1/2"]
[WhiteElo "2395"]
[BlackElo "2415"]
[Annotator "Bangiev,A"]
[PlyCount "67"]
[EventDate "1998.10.18"]
[EventType "team-tourn"]
[EventRounds "9"]
[EventCountry "GER"]
[SourceTitle "GER-chT2"]
[Source "ChessBase"]
[SourceDate "1999.07.01"]
[SourceVersion "1"]
[SourceVersionDate "1999.07.01"]
[SourceQuality "1"]
[WhiteTeam "Isernhagen"]
[BlackTeam "Hamburger SG BUE"]
[WhiteTeamCountry "GER"]
[BlackTeamCountry "GER"]

1. e4 c5 2. Nf3 d6 3. d4 cxd4 4. Nxd4 Nf6 5. Nc3 a6 6. Bc4 e6 7. Bb3 b5 8. Bg5
Be7 9. Qf3 Qb6 (9... Qc7 10. O-O-O O-O $6 11. e5 $1 Bb7 $2 (11... dxe5 $142 12.
Nxe6 $16) 12. exf6 Bxf3 13. fxe7 Bxd1 14. Nxe6 $1 $18) 10. O-O-O O-O (10...
Nbd7 11. Be3 Qb7 12. Qg3 b4 13. Nd5 exd5 14. Nf5 Ne5 15. Nxd6+ Bxd6 16. Qxg7
Ng6 17. Qxf6 Qe7 18. Qd4 Be5 19. Qxd5 Bb7 20. Ba4+ Kf8 21. Qa5 $36 {1/2-1/2
Mueller,K-Lutz,C/Gladenbach GER-ch 1997/(52)}) 11. Rhe1 Nbd7 (11... Nc6 12.
Nxc6 Qxc6 13. Qg3 Bb7 14. Bxf6 Bxf6 15. Rxd6 Bh4 16. Qd3 Qc5 17. Rf1 Rad8 18.
Rxd8 Rxd8 19. Qe2 b4 20. Nb1 Qe5 $36 {0-1 Hendriks,W-Neverov,V/Dieren 1998/(46)
}) 12. Qg3 Nc5 13. Bh6 Ne8 (13... Nxb3+ 14. axb3 Ne8 15. Nf5 exf5 16. exf5 Qd8
(16... Bf6 17. Rxe8 Rxe8 18. Bxg7) 17. Rxe7 $1 Qxe7 18. Nd5 $40) 14. Re3 $6 {
/\Nce2-f4-h5; /\Rg3} (14. Nf5 $5 exf5 15. exf5 (15. Nd5 Qd8) 15... Bf6 (15...
Qd8 16. Rxe7 $1 Qxe7 17. Nd5 Qd8 18. Re1 {/\Re8} (18. f6 Ne6 19. fxg7 N8xg7 20.
Re1 Kh8 21. Nb6 Ra7 22. Nxc8 Qxc8 23. Rxe6 fxe6 {0-1 Balzar,A-Moiseev,V/BL2-W
1994/(23)}) 18... Ne6 $1 19. fxe6 fxe6 $13) 16. Rxe8 Rxe8 17. Bxg7 Bh4 18. Qxh4
Nxb3+ 19. axb3 Kxg7 20. Qg5+ Kh8 21. Qf6+ Kg8 22. Qg5+ Kh8 $11) (14. Bd5 $5 Ra7
(14... exd5 $2 15. Nxd5 Qb7 (15... Qd8 16. Nc6) 16. Nc6 (16. Nf5 $1 Bxf5 17.
exf5 $18) 16... Bh4 17. Qxh4 gxh6 18. Qxh6) (14... Bb7 15. b4 $1 Na4 16. Nf5
Bf6 (16... exf5 17. exf5 Bf6 18. Rxe8 Raxe8 (18... Rfxe8 19. Bxg7 $1) 19. Bxg7
Bh4 20. Qxh4 Kxg7 21. Qg5+ Kh8 22. Qf6+ Kg8 23. Rd4 $18) 17. e5 (17. Bxb7 Nxc3
18. e5 Bxe5) 17... dxe5 18. Bxb7 (18. Ne4 $2 exd5) 18... Nxc3 (18... Qxb7 19.
Ne4) 19. Bxa8 Nxd1 20. Nxg7 Nxg7 21. Rxd1 Rxa8 22. Qf3 $36) 15. b4 (15. Bc6 Bf6
) 15... Na4 16. Be3) 14... Bf6 (14... Kh8 $5 15. Bd5 (15. Qh3 Bf6 $1 $17) (15.
Bg5 f6 $17) 15... Rb8 (15... exd5 $2 16. Nxd5 Qd8 (16... Qb7 17. Nf5) 17. Nc6)
16. Nc6 gxh6 17. Nxe7 b4 $5 18. Ne2 exd5 19. exd5 $13) 15. Bd5 $5 {[%mdl 576]}
(15. Nde2 $6 a5) 15... Be5 $1 (15... exd5 $2 16. Nxd5 Qd8 17. Nc6 Be5 (17...
Bh4 18. Nde7+) 18. Nde7+ Kh8 19. Qxe5 $18) (15... Bxd4 16. Bxa8 $16) 16. f4 (
16. Bxa8 $2 Bxg3 17. Rxg3 b4 $17) 16... Bxd4 17. Rxd4 exd5 18. Nxd5 Qd8 (18...
Nb3+ $2 19. Rxb3 Qxd4 20. Rd3 Qxd3 $8 (20... Qc5 $2 21. Nf6+) 21. cxd3 $14) 19.
f5 $6 (19. e5 $1 Ne6 (19... Kh8 $5) 20. f5 (20. Nf6+ Nxf6 21. Rxd6 Nh5 $1)
20... Nxd4 21. Nf6+ Kh8 22. Nxe8 g6 23. fxg6 fxg6 24. Bxf8 Qxe8 25. exd6 Qxf8
26. Qe5+ Kg8 27. Qxd4 $13) 19... f6 $1 $17 20. Bf4 Bb7 (20... Rf7 21. Qh4 Nd7
22. Rh3 Nf8 $19) 21. Qh4 Bxd5 22. Rxd5 (22. exd5 Qd7 $19) 22... Rf7 23. Rh3 h6
24. Qg4 (24. Bxh6 gxh6 25. Qxh6 Rg7 $19) 24... Qa5 25. Bxh6 Qe1+ $6 (25... Qxa2
$17) 26. Rd1 Qxe4 27. Bf4 Rc8 28. c3 b4 $2 (28... Re7 $1 $17) 29. Qh4 Re7 (
29... Rfc7 30. Qh8+ Kf7 31. Qh5+ $11) 30. Qh8+ Kf7 31. Qh5+ Kg8 32. Qh8+ Kf7
33. Qh5+ Kg8 34. Qh8+ 1/2-1/2

[Event "St Petersburg-ch"]
[Site "St Petersburg"]
[Date "1996.??.??"]
[Round "5"]
[White "Yemelin, Vasily"]
[Black "Nepomnishay, Mikhail I"]
[Result "1-0"]
[WhiteElo "2460"]
[BlackElo "2480"]
[Annotator "Boensch,U"]
[PlyCount "43"]
[EventDate "1996.04.??"]
[EventType "tourn"]
[EventRounds "13"]
[EventCountry "RUS"]
[EventCategory "11"]
[SourceTitle "CBM 056"]
[Source "ChessBase"]
[SourceDate "1997.02.01"]
[SourceVersion "1"]
[SourceVersionDate "1997.02.01"]
[SourceQuality "1"]

1. e4 c5 2. Nf3 d6 3. d4 cxd4 4. Nxd4 Nf6 5. Nc3 a6 6. Bc4 e6 7. Bb3 b5 8. Bg5
Be7 9. Qf3 Qb6 10. O-O-O O-O (10... Nbd7 11. Be3 (11. Rhe1 O-O 12. Qg3 Nc5 13.
Bh6 Ne8 14. Nf5 exf5 15. exf5 Qd8 16. Rxe7 Qxe7 17. Nd5 Qd8 18. f6 Ne6 19. fxg7
(19. Ne7+ Kh8 20. Bxe6 gxh6 21. Bxc8 Rxc8 (21... Nxf6 22. Qf3 Qxe7 23. Qxa8 $13
) 22. Qf4 $13) 19... N8xg7 20. Re1 Kh8 21. Nb6 $2 (21. Ne7 $1 $13) 21... Ra7
22. Nxc8 Qxc8 23. Rxe6 fxe6 {0-1 Balzar,A-Moiseev,V/BL2-W 1994}) 11... Qb7 12.
Qg3 O-O 13. Nd5 Nc5 14. Nxe7+ Qxe7 15. Nc6 Nxb3+ 16. axb3 Qc7 17. Qxd6 Qxd6 18.
Rxd6 {1/2-1/2 Trapl,J-Stohl,I/CSR-ch 1986}) 11. Be3 (11. Rhe1 Nc6 12. Be3 Qb7
13. Nxc6 Qxc6 14. Bd4 Bb7 15. Qg3 e5 16. Nd5 Nxd5 17. Bxd5 Qc7 18. Qc3 $14 {
1/2-1/2 Oll,L-Zagrebelny,S/Tashkent Agzamov mem 1986 (29)}) 11... Qb7 12. g4
Nc6 (12... b4 $5) 13. g5 Nxd4 14. Bxd4 Nd7 15. Qh5 Nc5 (15... b4 $2 16. Nd5
exd5 (16... Bd8 17. Rhg1 $18) 17. Bxd5 Qb8 18. g6 $1 hxg6 19. Qxg6 Ne5 20. Bxe5
dxe5 21. Rhg1 $18) 16. Rhg1 Re8 (16... b4 17. Bf6 Re8 (17... bxc3 18. Qh6 $1
$18) 18. Rg4 bxc3 19. Rh4 h6 20. Rg1 Qb5 21. Qxh6 $3 $18) 17. Rg3 Nxb3+ 18.
axb3 e5 19. Nd5 g6 {Missing a very clever defence:} (19... exd4 20. Nf6+ Bxf6
21. gxf6 Kh8 (21... Kf8 22. Qg5 $1 (22. Qh6 Rd8 (22... Rxe4 23. fxg7+ Kg8 24.
Qxh7+ $18) 23. Qxg7+ Ke8 24. Qg8+ Kd7 25. Qxf7+ Kc6 26. Qd5+ $16) 22... gxf6
23. Qxf6 Re6 24. Qd8+ Re8 25. Qxd6+ Re7 26. Rdg1 $18) 22. Rdd3 (22. Rxd4 Rg8
23. e5 dxe5 24. Qxh7+ Kxh7 25. Rh4#) 22... Bf5 $8 (22... Qxe4 23. Qxf7 $18) 23.
Qxf5 g6 (23... Qxe4 24. Qg5 Qg6 25. fxg7+ Kg8 26. Qd2 $18) 24. Qg5 Re6 25. Rh3
$18) (19... Kh8 $8 20. Bc3 (20. Qxf7 $4 Bxg5+ 21. Rxg5 Qxf7 $19) (20. g6 fxg6
21. Rxg6 Bf8 $1 (21... exd4 $2 22. Rxg7 Kxg7 23. Rg1+ {and mates}) 22. Bc3 (22.
Rdg1 Be6 23. Bc3 Bf7) 22... Qf7 $13) 20... Be6 21. f4 b4 $1 $13) 20. Qh6 Kh8 (
20... f5 21. gxf6 Bf8 22. Rxg6+ Kh8 23. Qh5 Be6 24. Rdg1 exd4 25. Rg7 Bxg7 26.
Rxg7 Qxg7 27. fxg7+ Kxg7 28. Qg5+ $18) 21. Bxe5+ $3 (21. Nf6 Bxf6 22. gxf6 Rg8
23. Rdd3 (23. Bxe5 Qxe4) 23... g5 {is not as strong}) 21... dxe5 22. Nf6 (22.
Nf6 {This is mate in three so Black resigned. The finish would be:} Bxf6 23.
gxf6 Rg8 24. Rd8 Be6 25. Qg7#) 1-0

[Event "Podolsk"]
[Site "Podolsk"]
[Date "1993.??.??"]
[Round "?"]
[White "Ehlvest, Jaan"]
[Black "Dvoirys, Semen I"]
[Result "0-1"]
[WhiteElo "2620"]
[BlackElo "2590"]
[Annotator "Boensch,U"]
[PlyCount "58"]
[EventDate "1993.10.??"]
[EventType "tourn"]
[EventRounds "9"]
[EventCountry "RUS"]
[EventCategory "14"]
[SourceTitle "CBM 038"]
[Source "ChessBase"]
[SourceDate "1994.02.01"]
[SourceVersion "1"]
[SourceVersionDate "1994.02.01"]
[SourceQuality "1"]

1. e4 {Chekhov} c5 2. Nf3 d6 3. d4 cxd4 4. Nxd4 Nf6 5. Nc3 a6 6. Bc4 e6 7. Bb3
b5 8. O-O Bb7 9. Re1 Nbd7 10. Bg5 h6 (10... Qb6 11. a4 b4 12. Nd5 exd5 13.
exd5+ Kd8 $2 (13... Ne5 14. a5 Qc5 15. Be3 $1 $146 (15. f4 O-O-O $13) 15... Qc8
16. Ba4+ Ke7 17. f4 Nxd5 18. fxe5 dxe5 19. Qh5 f6 20. Bf2 g6 21. Rxe5+ $18 {
(Adams) Adams,M-Sadler,M Dublin zt (07) 1993 1-0 27 -Inf.57/246}) 14. Nc6+ (14.
a5 $5 {Chekhov} Qc7 15. c3 $40 {Adams/} Ne5) 14... Kc7 15. a5 Qb5 16. Nd4 Qc5
17. Be3 Bxd5 18. c4 bxc3 19. Rc1 Qxa5 20. Rxc3+ Nc5 21. Bxd5 Nxd5 22. Qf3 Nxc3
23. Qc6+ Kb8 24. bxc3 Ka7 25. Rb1 Rb8 26. Qxc5+ $3 $18 {Golubev,M-Mantovani,R
Biel op (07) 1992 1-0 28}) 11. Bh4 (11. Bxf6 Qxf6 $146 (11... Nxf6 12. Qf3 Qb6
13. Rad1 O-O-O 14. a4 b4 15. Na2 Rd7 (15... Kb8 16. c3 $1 Nxe4 17. a5 Qb5 18.
Nxb4 Rc8 19. Rxe4 f5 20. Ndc6+ Rxc6 21. Rxe6 Rc8 22. Bd5 Bxd5 23. Qxd5 {
Kindermann,S-Stangl,M /Altensteig/1989 Inf 47/343/}) 16. c3 d5 17. e5 Ne4 18.
Qe3 $16 {Morozevich,A-Dvoirys,S Podolsk 1993 1-0 65} (18. Qe3 {Chekhov} bxc3
19. bxc3 $36 {Morozevic,A-Dvoirys,S /Podolsk/1993/})) 12. a4 b4 13. Na2 Nc5 14.
Nxb4 a5 15. Nbc6 e5 16. Bd5 exd4 17. e5 dxe5 18. Rxe5+ Kd7 $13 {Golubev,
M-Zagorskis Karvina 1992 -Inf.57/245}) 11... g5 12. Bg3 Ne5 13. Nf3 (13. Qe2
Be7 14. Rad1 Qb6 15. Nf3 Qc7 16. Nd4 b4 17. Ba4+ Kf8 18. Nb1 Bxe4 $15 {
Ferreira,O-Sunye Neto,J Mexico City (03) 1991 1-0 38}) (13. f3 $5 {Chekhov})
13... Qc7 14. Nd2 $146 (14. Nxe5 dxe5 15. Qf3 Bg7 16. h3 O-O $13 {-ECO}) (14.
Qe2 $5 {Chekhov}) 14... h5 $1 $40 15. h4 gxh4 16. Bxh4 Nfg4 17. a4 b4 18. Na2
Qc5 $17 19. Qe2 (19. c3 {Chekhov} Be7 20. cxb4 Qa7) 19... Ng6 20. Bg3 h4 $1 21.
Qxg4 hxg3 22. Qxg3 Bh6 23. Nf3 Bf4 24. Qg4 Ke7 25. Nc1 Bxc1 26. Raxc1 Rag8 27.
g3 (27. Qg5+ {Chekhov} Qxg5 28. Nxg5 Nf4 $19) 27... Ne5 $19 28. Nxe5 (28. Qf4
Rg4 29. Qe3 Rxe4 30. Qxc5 Nxf3+ $19) 28... Rxg4 29. Nxg4 f5 (29... f5 30. exf5
(30. Ne3 Bxe4 $19) 30... Rh1#) 0-1

[Event "Warsaw"]
[Site "Warsaw"]
[Date "1990.??.??"]
[Round "9"]
[White "Kuczynski, Robert"]
[Black "Cvitan, Ognjen"]
[Result "1-0"]
[WhiteElo "2460"]
[BlackElo "2525"]
[Annotator "Boensch,U"]
[PlyCount "43"]
[EventDate "1990.01.??"]
[EventType "tourn"]
[EventRounds "13"]
[EventCountry "POL"]
[EventCategory "9"]
[SourceTitle "CBM 017"]
[Source "ChessBase"]
[SourceDate "1990.08.01"]
[SourceVersion "1"]
[SourceVersionDate "1990.08.01"]
[SourceQuality "1"]

1. e4 {Bönsch} c5 2. Nf3 e6 3. d4 cxd4 4. Nxd4 Nf6 5. Nc3 d6 6. Bc4 a6 7. Bb3
b5 8. O-O Be7 9. Qf3 Qb6 10. Be3 Qb7 11. Qg3 Bd7 $2 12. Nf5 $1 exf5 (12... b4
13. Qxg7 Rg8 14. Qxf6) 13. Qxg7 Rf8 14. Bg5 Ng8 15. Bxe7 (15. Bxf7+ Rxf7 16.
Qxg8+ Rf8 17. Qxh7 $16 {John Nunn : Najdorf for the Tournament Player ; B.T.
Batsford Ltd, London 1988 S.7}) 15... Nxe7 16. Nd5 Ng6 $8 (16... Nxd5 $2 17.
exd5 {/\ Te1+ +-}) 17. Nf6+ Kd8 18. Nxh7 Rh8 19. Ng5 Be8 20. exf5 Rh5 21. Nxf7+
Bxf7 22. fxg6 1-0

[Event "Linares 09th"]
[Site "Linares"]
[Date "1991.??.??"]
[Round "8"]
[White "Anand, Viswanathan"]
[Black "Ivanchuk, Vassily"]
[Result "0-1"]
[WhiteElo "2635"]
[BlackElo "2695"]
[Annotator "Boensch,U"]
[PlyCount "66"]
[EventDate "1991.02.??"]
[EventType "tourn"]
[EventRounds "13"]
[EventCountry "ESP"]
[EventCategory "17"]
[SourceTitle "CBM 022"]
[Source "ChessBase"]
[SourceDate "1991.06.01"]
[SourceVersion "1"]
[SourceVersionDate "1991.06.01"]
[SourceQuality "1"]

1. e4 {Boensch} c5 2. Nf3 d6 3. d4 cxd4 4. Nxd4 Nf6 5. Nc3 a6 6. Bc4 e6 7. O-O
Be7 8. Bb3 O-O 9. f4 b5 10. f5 $6 (10. e5) (10. a3) 10... b4 (10... e5 11. Nde2
Bb7 12. Ng3 Nbd7 $10) 11. Na4 (11. Nce2 e5 12. Nf3 Bb7 13. Ng3 Nxe4 14. Nxe4
Bxe4 15. Qe1 Bxf3 16. Rxf3 Nc6 $15 {Fischer-Smyslov Bled/Zagreb/Belgrad (ct)
1959}) 11... e5 12. Ne2 Bb7 13. Ng3 Nbd7 14. Qe1 (14. Qf3 Bc6 15. Be3 Qc7 16.
c3 a5 17. c4 Qb7 18. Bc2 Rac8 19. Rac1 h6 20. Qe2 Rc7 21. b3 Bxa4 $17 {
Janosevic,D-Polugaevsky,L Skopje 1971}) 14... a5 15. c4 Qc7 16. Qe2 Rfc8 17.
Bg5 Nc5 18. Rac1 h6 19. Be3 (19. Bxf6 $5) 19... Ncd7 $1 (19... Bc6 20. Nxc5
dxc5 21. Bc2 $10) 20. Bf2 Ra6 21. Rc2 Qb8 22. Re1 Qa8 23. Qd3 $2 (23. h3 $15)
23... Ng4 24. Nf1 Ndf6 25. Nd2 (25. Bh4 Bxe4 26. Rxe4 Nxe4 27. Bxe7 Qa7+ $19)
25... Nxf2 $17 26. Kxf2 Bc6 27. Rcc1 (27. Kg1 Ng4 {/\ Qa7}) 27... Qa7+ 28. Ke2
Rd8 29. Bd1 d5 $1 $19 30. cxd5 (30. exd5 Nxd5 31. cxd5 Rxd5 {wie Partie}) 30...
Nxd5 31. exd5 Rxd5 32. Qb3 Bg5 33. Rc2 Bxd2 (33... Bxd2 34. Rxd2 Bb5+ 35. Kf3
Rxd2 $19) 0-1

[Event "Dos Hermanas"]
[Site "Dos Hermanas"]
[Date "1994.??.??"]
[Round "9"]
[White "Polgar, Judit"]
[Black "Gelfand, Boris"]
[Result "0-1"]
[WhiteElo "2630"]
[BlackElo "2685"]
[Annotator "Boensch,U"]
[PlyCount "80"]
[EventDate "1994.04.??"]
[EventType "tourn"]
[EventRounds "9"]
[EventCountry "ESP"]
[EventCategory "16"]
[SourceTitle "CBM 041"]
[Source "ChessBase"]
[SourceDate "1994.08.01"]
[SourceVersion "1"]
[SourceVersionDate "1994.08.01"]
[SourceQuality "1"]

1. e4 {Gelfand} c5 2. Nf3 d6 3. d4 cxd4 4. Nxd4 Nf6 5. Nc3 a6 6. Bc4 e6 7. O-O
b5 8. Bb3 Be7 9. Qf3 Qb6 10. Be3 Qb7 11. Qg3 b4 (11... Nbd7 12. f3 b4 13. Nce2
O-O 14. Bh6 Ne8 15. Ba4 $14 {Semeniuk-Moiseev, URSS 87}) (11... Nc6 12. Rad1 (
12. Rfe1 Bd7 13. Rad1 b4 14. Nce2 O-O 15. Bh6 Ne8 16. Bg5 Bxg5 17. Qxg5 Nf6 $10
{Bouaziz-Marin, Szirak 87}) 12... O-O 13. Nxc6 Qxc6 14. Bh6 Ne8 15. Rfe1 Bb7
16. a3 Kh8 17. Bg5 Bxg5 18. Qxg5 Nf6 19. Rd3 $14 {Georgiev-Ftacnik, Budapest 93
}) (11... h5 $5 12. Nf5 exf5 13. Qxg7 Rf8 14. Nd5 Nxd5 15. Bxd5 Nc6 16. Rfe1
Be6 17. Bxc6+ Qxc6 18. exf5 Bxf5 19. Bg5 Ra7 20. Rxe7+ Rxe7 21. Bh6 $16 {
Pineau,J-Yang Xian Manila olm 1992 1/4 43}) (11... O-O 12. Bh6 Ne8 13. Nf5 $2 (
13. f3 Bd7 14. Kh1 Nc6 15. Nxc6 Bxc6 16. a4 b4 17. Nd1 Kh8 18. Bf4 e5 $10 {
Wittmann,W-Sisniega,M Manila olm 1992 1-0 63}) (13. Rad1 Kh8 14. Be3 Nd7 15. f3
Nc5 16. a3 Nxb3 17. Nxb3 a5 $15 {Ivanov,AV-Kamsky,G USA-ch m2.1 1991 0-1 39})
13... exf5 14. Bd5 Nc6 15. exf5 Bxf5 16. Qf3 Bd7 17. Rfe1 Bf6 18. Ne4 Be5 $19 {
Tischbierek,R-Huenerkopf,H Munich op9192 (06) 0-1 25}) 12. Na4 $5 Nbd7 13. f3
O-O 14. Bh6 $2 (14. Rad1 Kh8 15. Ne2 a5 16. c4 bxc3 17. Naxc3 Rb8 18. Kh1 Qa8
19. Na4 Ba6 20. Rfe1 Rfc8 $15 {Istratescu,A-Dimitrov,V Debrecen EU-chT (2)
ROM-BLG 1992 1/4 25}) (14. Rfd1 Kh8 15. Rac1 Ne5 16. c3 Bd7 17. Nb6 Nh5 18. Qh3
Qxb6 19. Qxh5 Qb7 $10 {Neelakatan,N-King,D Calcutta op 1993 1-0 32}) 14... Nh5
15. Qh3 gxh6 $1 16. Qxh5 Qa7 17. Rad1 e5 (17... Bf6 {Gelfand} 18. c3 e5 19.
Qxh6 exd4 20. cxd4 Bxd4+ 21. Kh1 $44) 18. c3 (18. Qxh6 exd4 $17) 18... exd4 (
18... Kg7 $1 {Gelfand} 19. Kh1 (19. f4 exd4 20. cxd4 Nf6 $19) 19... exd4 20.
cxd4 Nf6 21. Qh4 Ng8 $17) 19. cxd4 Kg7 $6 (19... Bg5 $1 20. Qg4 (20. f4 Nf6 21.
Qe2 Bg4 $19) 20... Kh8 $19) 20. Qg4+ (20. Kh1 {Gelfand}) 20... Kh8 (20... Bg5
21. f4 (21. Qg3 $1 $15) 21... Nf6 22. Qg3 Nh5 23. Qf3 Nxf4 24. h4 f5 $17) 21.
Qf4 Kg7 (21... Nf6 {Gelfand} 22. Qxh6 Be6 23. Bc2 (23. Kh1 $142 $15) 23... Rac8
24. Bb1 b3 25. e5 (25. a3 Rc4) 25... dxe5 26. Kh1 bxa2 27. Bd3 e4 $19) (21...
h5 {Gelfand} 22. Kh1 $13 {\=+}) 22. Kh1 $2 (22. Qg4+) (22. Qg4+ {Gelfand} Kh8
23. Qf4 Nf6 $15) 22... Nf6 23. Qg3+ (23. e5 $1 {Gelfand} dxe5 24. dxe5 $1 Ng8
25. Qe4 $44) 23... Kh8 24. Qf4 Ng8 $19 25. e5 dxe5 26. Qxe5+ (26. dxe5 a5 $19 (
26... Be6 {Gelfand} 27. Bxe6 fxe6 28. Qc4 Rae8 $17)) 26... Bf6 27. Qf4 Qb8 28.
Qe4 Bg7 29. Nc5 (29. Bc2 Nf6 $19) 29... Ra7 30. d5 Qb6 31. Rc1 (31. Na4 Qd6 $19
) 31... Re7 32. Qd3 Rd8 33. Qd2 Nf6 34. Rfd1 Ne8 35. Na4 Qb8 36. Rc6 a5 37. Qf2
Qe5 38. Rc5 Nd6 39. Rxa5 Rde8 40. h3 Qf4 0-1

[Event "Madrid"]
[Site "Madrid"]
[Date "1996.05.14"]
[Round "6"]
[White "Morozevich, Alexander"]
[Black "Gelfand, Boris"]
[Result "1-0"]
[WhiteElo "2625"]
[BlackElo "2700"]
[Annotator "Bologan,V"]
[PlyCount "79"]
[EventDate "1996.05.08"]
[EventType "tourn"]
[EventRounds "9"]
[EventCountry "ESP"]
[EventCategory "17"]
[SourceTitle "CBM 053"]
[Source "ChessBase"]
[SourceDate "1996.08.01"]
[SourceVersion "1"]
[SourceVersionDate "1996.08.01"]
[SourceQuality "1"]

1. e4 c5 2. Nf3 d6 3. d4 cxd4 4. Nxd4 Nf6 5. Nc3 a6 {I realy don`t know what
would Boris do if one badweather day the Najdorf Variation will be forbidden.}
6. Bc4 e6 7. Bb3 b5 8. O-O Be7 (8... b4 {- 62/(279)}) 9. Qf3 Qc7 10. Qg3 O-O
11. Bh6 Ne8 {The arosen position is one of the most important in the 6.Bc4
line.Until now the best move was considered 12.Rad1.} 12. Kh1 $5 {Novelty.
Morozevich thinks that more useful is to take first the king out of the
dangerous diagonal 'g1-a7'.} (12. Rad1 Bd7 (12... Bf6 13. Bg5 (13. f4 $2 Bxd4+
$1 14. Rxd4 Qa7 $17) 13... Bxg5 14. Qxg5 Qc5 15. Qd2 Bd7 16. Rfe1 $14 {Ehlvest,
J-Gavrikov,V/Moscow/1988/}) 13. Nf3 Nc6 14. Bf4 Qb7 {N/} (14... Rd8 15. Rfe1
Bc8 16. e5 dxe5 17. Nxe5 Rxd1 18. Rxd1 Nxe5 19. Bxe5 Qc6 $10 {Winants,
L-Wojtkiewicz,A/Wijk aan Zee/1994/}) 15. Rfe1 b4 16. Ne2 (16. Na4 Na5 $1 $13)
16... e5 $1 17. Bg5 (17. Be3 Nf6 18. Nd2 Be6 $10) 17... Be6 $13 {Kasparov,
G-Gelfand,B/Moscow olm (05) 1994}) 12... Bd7 13. f4 Nc6 14. Nf3 b4 (14... Kh8
15. Bg5 $14) 15. Ne2 Na5 16. Ned4 Qb7 17. e5 dxe5 $6 (17... Nxb3 18. axb3 Kh8
19. Bg5 f6 20. Bh4 Nc7 $13) 18. fxe5 $14 Nxb3 19. cxb3 $1 {White is taking
away the potential weakness on 'c2'. From now there is very difficult to find
any reasonable play for Black.} Bb5 (19... Bc6 20. Nxc6 Qxc6 21. Rac1 Qb7 22.
Rc4 $16) 20. Rfd1 Rd8 21. Bg5 Rd5 $6 22. a4 bxa3 23. bxa3 Bxg5 24. Qxg5 Nc7 25.
a4 Bd7 26. Rac1 a5 27. Rc4 Na6 28. Rdc1 Qb6 29. Ne2 f6 30. Qg3 f5 (30... Qxb3
31. Rg4 Rd1+ 32. Rxd1 Qxd1+ 33. Neg1 Kh8 34. Rxg7 $18) 31. Nf4 $18 Rc5 32. Nh5
Rf7 33. Rxc5 Nxc5 34. Qf2 Nxa4 35. Qc2 Qb4 36. bxa4 Qg4 37. Qc7 h6 38. Rc4 f4
39. Nxf4 Bb5 40. Qb8+ 1-0